Flowers A-Z - Statistics

General Stats
  • This quiz has been taken 28 times
  • The average score is 14 of 25
Answer Stats
Hint Answer % Correct
R Likely the most common flower of all but watch out for the thorns. Rose
100%
D Common favourite flower usually in white or yellow. Daisy
88%
T Signifying the arrival of spring, these colourful beauties only bloom for a few days. Tulip
83%
I Can be bearded but always showy and usually purple and yellow. Iris
79%
S These tall, large headed flowers definitely need the thing they are named after. Sunflower
79%
H Found in abundance in the Scottish highlands. Heather
75%
M No fuss annuals that frequent many gardens and come in bright oranges, yellows, and reds. Marigold
75%
O Symmetrical flowers are one of the oldest known flowering plants and include vanilla. Orchid
75%
V Tiny flowers that have an elusive scent and can be sugared for decorations. Violet
75%
N Many think this flower is linked to an ancient Greek story about self-love but that's just a myth. Narcissus
71%
P Their colourful faces are a sure sign of spring, heart shaped with overlapping petals. Pansy
67%
Z Cheery little blooms loved by birds and butterflies. Zinnia
67%
J Known for their fragrance usually the small flowers are white but can be yellow. Jasmine
63%
Q Clusters of tiny white flowers make up this flower - ______ ______'s Lace. Queen Anne
63%
W Woody, climbing vine with beautiful blue or purple flowers, member of the pea family. Wisteria
50%
E Purplish pink daisy-like flowers that many use to fight off colds. Echinacea
42%
Y Herb with a flat topped cluster of small flowers, known for its healing powers usually white, yellow, or pink, Yarrow
42%
B Perennial favourite with strings of pink and white hearts. Bleeding heart
38%
F Tall slender stems of eye-catching tubular flowers. Foxglove
33%
L Tall alpine flower with distinctive starburst leaves. Lupin
29%
A Tiny purple or white flowers that make a lovely border. Alyssum
25%
G Another tall beauty that blooms in late summer. Gladiolus
25%
C Annual flowers with colourful flowers that sit on top of long slender stems. Bees and birds love them. Cosmos
4%
K A native Australian plant named after an animal native to Australia ____'s Paw. Kangeroo
4%
X Another name for strawflower - tricky to spell. Xeranthemum
4%
No matching quizzes found
Score Distribution
Percent of People with Each Score
Percentile by Number Answered
Your Score History
You have not taken this quiz